Największe nadmorskie miasta Holandii- Nagła śmierć - Statystyki

Ogólne statystyki
  • Ten quiz został rozwiązany 27 razy
  • Średni wynik to 1 z 13
Answers on the Grid
Answers color-coded by a green-red scale on the quiz's grid according to % correct below.
Vlissingen
Haga
Delfzijl
Almere
Alkmaar
Leeuwarden
Den Helder
Apeldoorn
Emmeloord
Lelystad
Rotterdam
Amsterdam
Purmerend
Gouda
's-Hertogenbosch
Nijmegen
Volendam
Leeuwarden
Groningen
Maastricht
Hoorn
Lemmer
Enschede
Terneuzen
Hengelo
Noordwijk
Haarlem
IJmuiden
Breda
Zwolle
 
Statystyki odpowiedzi
Odpowiedź % Poprawnych
Amsterdam
57%
Noordwijk
29%
Almere
14%
Delfzijl
14%
Haga
14%
Den Helder
0%
Hoorn
0%
IJmuiden
0%
Lelystad
0%
Lemmer
0%
Terneuzen
0%
Vlissingen
0%
Volendam
0%
Nie znaleziono quizów pasujących do podanych kryteriów
Rozkład punktacji
Procent ludzi z każdym wynikiem
Percentyl według liczby udzielonych odpowiedzi
Twoja historia wyników
Nie rozwiązałeś tego quizu